Statistics for Tolkien's Middle Earth Map Quiz

Click here to take the quiz!

General Stats

  • This quiz has been taken 636 times
    (574 since last reset)
  • The average score is 11 of 15

Answers on the Map

Answers color-coded by a green-red scale on the quiz's map according to % correct below.
Loading ...
 

Answer Stats

Answer% Correct
Misty Mountains
90%
Borders of Mordor
90%
Mount Doom
87%
Lonely Mountain
86%
Bree
84%
Hobbiton
82%
Mirkwood
80%
Minas Tirith
77%
Rivendell
75%
Dead Marshes
68%
Fangorn
67%
Isengard
64%
Lorien
64%
Helm's Deep
63%
Edoras
54%

Score Distribution

Percentile by Number Answered

Percent of People with Each Score

Your Score History

You have not taken this quiz since the last reset